Cuentas de clientes / (Record no. 131313)

MARC details
000 -LEADER
campo de control de longitud fija 00455nam a2200157 4500
001 - NÚMERO DE CONTROL
campo de control 131313
003 - IDENTIFICADOR DE NÚMERO DE CONTROL
campo de control ES-MaACL
007 - CAMPO FIJO DE DESCRIPCIÓN FÍSICA--INFORMACIÓN GENERAL
campo de control de longitud fija t|
008 - DATOS DE LONGITUD FIJA--INFORMACIÓN GENERAL
campo de control de longitud fija 070214s1960 sp r ||||1| spa d
100 1# - ENTRADA PRINCIPAL--NOMBRE DE PERSONA
Nombre de persona Robles, Julio.
9 (RLIN) 97939
245 10 - MENCIÓN DEL TÍTULO
Título Cuentas de clientes /
Mención de responsabilidad, etc. por Julio Robles y Florián Ruiz.
260 ## - PUBLICACIÓN, DISTRIBUCIÓN, ETC.
Lugar de publicación, distribución, etc. Madrid :
Nombre del editor, distribuidor, etc. [s. n.],
Fecha de publicación, distribución, etc. 1960 (
Fabricante Imp. La Rafa)
300 ## - DESCRIPCIÓN FÍSICA
Extensión 574 p. ;
Dimensiones 22 cm.
700 1# - ENTRADA AGREGADA--NOMBRE PERSONAL
Nombre de persona Ruiz, Florián.
9 (RLIN) 100606
852 ## - LOCALIZACIÓN
Ubicación ES-MaACL
Número de control de estantería L-4120
Sublocalización o colección R.104972
Holdings
Estatus retirado Estado de pérdida Estado de daño No para préstamo Biblioteca de origen Biblioteca actual Ubicación en estantería Fecha de adquisición Fuente de adquisición Total de préstamos Signatura topográfica completa Código de barras Visto por última vez Precio de reemplazo Tipo de ítem Koha
        Biblioteca del Ateneo de Madrid Biblioteca del Ateneo de Madrid Depósito 2 17/01/2008     L-4120 1136708 23/02/2023 23/02/2023 Libro impreso